Deep learning and missing data in engineering systems /

Bibliographic Details
Main Authors: Leke, Collins Achepsah (Author), Marwala, Tshilidzi, 1971- (Author)
Format: Book
Language:English
Published: Cham : Springer, [2019]
Series:Studies in big data ; v. 48.
Subjects:

MARC

Tag First Indicator Second Indicator Subfields
LEADER 00000cam a2200000Ii 4500
001 in00004035430
005 20190228141518.0
008 180903t20192019sz a b 001 0 eng d
035 |a (OCoLC)on1050363914 
040 |a YDX  |b eng  |e rda  |c YDX  |d BDX  |d OCLCQ  |d TXA 
020 |a 3030011798 
020 |a 9783030011796 
035 |a (OCoLC)1050363914 
090 |a QA76.9.B45  |b L45 2019 
049 |a TXAM 
100 1 |a Leke, Collins Achepsah,  |e author. 
245 1 0 |a Deep learning and missing data in engineering systems /  |c Collins Achepsah Leke, Tshilidzi Marwala. 
264 1 |a Cham :  |b Springer,  |c [2019] 
264 4 |c ©2019 
300 |a xiv, 179 pages :  |b illustrations (some color) ;  |c 24 cm 
336 |a text  |b txt  |2 rdacontent 
337 |a unmediated  |b n  |2 rdamedia 
338 |a volume  |b nc  |2 rdacarrier 
490 1 |a Studies in big data,  |x 2197-6503 ;  |v volume 48 
504 |a Includes bibliographical references and index. 
650 0 |a Big data. 
650 0 |a Data mining. 
650 0 |a Missing observations (Statistics) 
650 0 |a Mathematical statistics. 
700 1 |a Marwala, Tshilidzi,  |d 1971-  |e author. 
830 0 |a Studies in big data ;  |v v. 48.  |x 2197-6503 
994 |a C0  |b TXA 
948 |a cataloged  |b h  |c 2019/2/28  |d c  |e nbehmer  |f 2:15:07 pm 
999 f f |s 6a6f2fad-7869-3a54-9a07-5a0950866ab0  |i 5ddfe1e2-b7bd-37d0-a903-a1db9c01720c  |t 0 
952 f f |p normal  |a Texas A&M University  |b College Station  |c Sterling C. Evans Library  |d Evans: Library Stacks  |t 0  |e QA76.9.B45 L45 2019  |h Library of Congress classification  |i unmediated -- volume  |m A14850891657 
998 f f |a QA76.9.B45 L45 2019  |t 0  |l Evans: Library Stacks